Mechanika pro SPŠ nestrojnické /

Uloženo v:
Podrobná bibliografie
Hlavní autor: Skála, Vladimír
Další autoři: Stejskal, Vladimír
Médium: Kniha
Jazyk:čeština
Vydáno: Praha : SNTL - Státní nakladatelství technické literatury, 1986
Vydání:3. oprav. vyd.
Témata:
On-line přístup: Získat plný text
Tagy: Přidat tag
Žádné tagy, Buďte první, kdo vytvoří štítek k tomuto záznamu!

MARC

LEADER 00000nam a2200000 4500
003 SK-BrCVT
005 20220617153424.0
008 941221s1986 cs e ||||||cze d
035 |a CVTIDW0897095 
040 |b slo  |a CVTI SR 
041 0 |a cze 
044 |a cs 
080 |a 531/534(075.3)  |2 UDC-MRF 
100 1 |a Skála, Vladimír 
245 1 0 |a Mechanika pro SPŠ nestrojnické /  |c Vladimír Skála, Vladimír Stejskal 
250 |a 3. oprav. vyd. 
260 |a Praha :  |b SNTL - Státní nakladatelství technické literatury,  |c 1986 
300 |a 207 s. 
653 1 |a mechanika 
692 |a LN MM 
700 1 |a Stejskal, Vladimír 
910 |b A464160  |b A462276 
974 |f Knihy 
992 |a AUC 
999 |c 50222  |d 50222